000 00585cam a2200217 4500
001 4559322
005 20180307072554.0
008 730307s1973 nyua b 001 0 eng
010 _a 73004232
020 _a0700224300
040 _aDLC
_cDLC
_dDLC
041 _aeng
080 _a624.1834 win
082 0 0 _a624.1834 win
100 1 _a42
101 _aart
245 1 0 _aReinforced concrete design
_c[by] Chu-Kia Wang [and] Charles G. Salmon.
504 _aIncludes bibliographical references.
906 _a7
_bcbc
_corignew
_d1
_eocip
_f19
_gy-gencatlg
942 _2ddc
_cBK
999 _c44302
_d44302